[Event "6th Lost Boys tournament, Group A"]
[Site "Antwerp"]
[Date "1998.08.03"]
[Round "4"]
[White "Tischbierek, Raj"]
[Black "de Vreugt, Dennis"]
[Result "1/2-1/2"]
[WhiteElo "2515"]
[BlackElo "2350"]
[WhiteTitle "GM"]
[Board "6"]
[Source "Official site"]

1. g3 d5 2. Bg2 Nf6 3. Nf3 g6 4. d4 Bg7 5. c4 c6 6. cxd5 cxd5 7. Nc3 O-O
8. Ne5 Nc6 9. Nxc6 bxc6 10. O-O Nd7 11. e4 dxe4 12. Nxe4 Nb6 13. Bg5 h6 14. Bf4
Nd5 15. Bd2 Qb6 16. Bc3 Bf5 17. Qa4 Rac8 18. Rfe1 Bxe4 19. Bxe4 Nxc3 20. bxc3
c5 21. Rab1 Qd6 22. Qxa7 cxd4 23. cxd4 Bxd4 24. Qb7 e6 25. Rbd1 Rfd8 26. Rd2
Rb8 27. Qc6 Qb4 28. Rde2 Kg7 1/2-1/2

[Event "6th Lost Boys tournament, Group A"]
[Site "Antwerp"]
[Date "1998.08.03"]
[Round "4"]
[White "Hommeles, Theo"]
[Black "Ólafsson, Helgi"]
[Result "1/2-1/2"]
[WhiteElo "2335"]
[BlackElo "2505"]
[BlackTitle "GM"]
[Board "14"]
[Source "Official site"]

1. e4 c6 2. d4 d5 3. Nc3 dxe4 4. Nxe4 Nd7 5. Bd3 Ngf6 6. Qe2 Nxe4 7. Qxe4 Nf6
8. Qh4 Bf5 9. Bxf5 Qa5+ 10. c3 Qxf5 11. Nf3 e6 12. O-O Be7 13. Qg3 O-O-O
14. Qe5 Qxe5 15. Nxe5 Rhf8 16. Bg5 c5 17. dxc5 Rd5 18. Nf3 Bxc5 19. Bxf6 gxf6
20. Rfd1 Rfd8 21. Rxd5 Rxd5 22. Kf1 Kc7 23. Ke2 a6 24. Ne1 f5 25. Nd3 Bd6
26. f4 Kd8 27. a3 Ke8 28. Rf1 f6 29. Rf3 Kf7 30. Rh3 Kg6 31. Rg3+ Kf7 32. Rh3
Kg6 33. Rg3+ Kf7 1/2-1/2

[Event "6th Lost Boys tournament, Group A"]
[Site "Antwerp"]
[Date "1998.08.04"]
[Round "4"]
[White "Van Herck, Marcel"]
[Black "Yeo, Michael"]
[Result "1-0"]
[WhiteElo "2215"]
[BlackElo "2180"]
[Board "57"]
[Source "Personal correspondence"]

1. e4 e5 2. f4 Nf6 3. fxe5 Nxe4 4. Nf3 Ng5 5. d4 Nxf3+ 6. Qxf3 Qh4+ 7. Qf2
Qxf2+ 8. Kxf2 d6 9. exd6 Bxd6 10. Bd3 O-O 11. Nd2 Nc6 12. c3 Bf4 $11 13. Nf3
Bxc1 14. Raxc1 Bd7 15. Rhe1 Rae8 16. Bb5 Nb8 17. Bc4 b5 18. Bd3 f6 19. Nd2 Rxe1
20. Rxe1 Re8 21. Nb3 Rxe1 22. Kxe1 c6 23. Nc5 Be8 24. Be4 Kf7 25. Kd2 g6 26. a4
bxa4 27. Nxa4 Na6 28. b4 Ke7 29. Bd3 Nc7 30. c4 Kd6 31. Nc5 f5 32. Ke3 h6
33. h4 Bf7 34. Nb7+ Ke7 35. Na5 Kd6 36. h5 Ne6 37. hxg6 Bxg6 38. Nxc6 f4+
39. Kd2 Be8 40. Nxa7 Nxd4 41. Be4 Ke5 42. Kd3 Nc2 43. b5 Nb4+ 44. Kc3 Na2+
45. Kb3 Nc1+ 46. Ka3 Kd6 47. b6 1-0

[Event "6th Lost Boys tournament, Group A"]
[Site "Antwerp"]
[Date "1998.08.04"]
[Round "5"]
[White "Leitão, Rafael Duailibe"]
[Black "Kogan, Arthur"]
[Result "1/2-1/2"]
[WhiteElo "2550"]
[BlackElo "2485"]
[WhiteTitle "IM"]
[BlackTitle "IM"]
[Board "3"]
[Source "Official site"]

1. d4 Nf6 2. c4 c5 3. d5 b5 4. Nf3 Bb7 5. a4 Qa5+ 6. Bd2 b4 7. Qc2 d6 8. g3 g6
9. Bh3 Bg7 10. O-O O-O 11. Bg5 Qc7 12. Nbd2 Bc8 13. Bg2 h6 14. Bxf6 Bxf6
15. Rad1 Bg4 16. h3 Bxf3 17. Bxf3 Nd7 18. b3 Bc3 19. Ne4 Bg7 20. Bg2 Rae8
21. e3 Nf6 22. h4 Qd7 23. Nd2 Qf5 24. Qxf5 gxf5 25. Bh3 e6 26. Nb1 Ne4 27. Rd3
Rd8 28. Nd2 Nc3 29. Re1 Rfe8 30. Bg2 Kf8 31. Bh3 Bf6 1/2-1/2

[Event "6th Lost Boys tournament, Group A"]
[Site "Antwerp"]
[Date "1998.08.04"]
[Round "5"]
[White "Stefánsson, Hannes Hlífar"]
[Black "Dzhumaev, Marat"]
[Result "1-0"]
[WhiteElo "2535"]
[BlackElo "2435"]
[WhiteTitle "GM"]
[Board "8"]
[Source "Official site"]

1. d4 f5 2. g3 Nf6 3. Bg2 g6 4. c4 Bg7 5. Nc3 d6 6. Nf3 O-O 7. O-O Qe8 8. d5
Na6 9. Nd4 Bd7 10. Rb1 c6 11. b4 Rc8 12. e3 e5 13. dxe6 Bxe6 14. Nxe6 Qxe6
15. Qb3 Ng4 16. Ba3 Ne5 17. b5 Nc5 18. Bxc5 dxc5 19. bxc6 bxc6 20. Na4 Qxc4
21. Nxc5 Qxb3 22. Rxb3 Rf7 23. Rc1 Re7 24. h3 h5 25. Kf1 Bf6 26. Ke2 g5 27. Nb7
f4 28. Nd6 Rd8 29. Nf5 Red7 30. Nd4 fxe3 31. fxe3 Rd6 32. Rb7 g4 33. Rxa7 Bg5
34. Rc5 Re8 35. Nf5 Rd7 36. Rxd7 Nxd7 37. Rxc6 gxh3 38. Bxh3 Nf6 39. a4 Kf8
40. Kf3 Ra8 41. Nd4 Kg8 42. Rc8+ Rxc8 43. Bxc8 Ne8 44. a5 Be7 45. a6 Nc7 46. a7
1-0

[Event "6th Lost Boys tournament, Group A"]
[Site "Antwerp"]
[Date "1998.08.04"]
[Round "5"]
[White "Dutreeuw, Marc"]
[Black "Tischbierek, Raj"]
[Result "0-1"]
[WhiteElo "2400"]
[BlackElo "2515"]
[WhiteTitle "IM"]
[BlackTitle "GM"]
[Board "10"]
[Source "Official site"]

1. e4 g6 2. d4 d6 3. Nf3 Bg7 4. h3 Nf6 5. Bd3 O-O 6. Be3 Nc6 7. c3 e5 8. dxe5
dxe5 9. Qc2 Nh5 10. g3 h6 11. Nbd2 Be6 12. Bc4 Bxc4 13. Nxc4 Qe7 14. O-O-O b5
15. Ncd2 a5 16. Nb1 a4 17. Qd3 Rab8 18. Qd7 Qf6 19. Nh2 Rfd8 20. Qxc7 Nd4
21. Nd2 b4 22. c4 a3 23. b3 Ne2+ 24. Kc2 Nc3 25. Ra1 Qe6 26. Ng4 Rbc8 27. Qb6
Qd7 28. Qxb4 Qd3+ 29. Kc1 f5 30. c5 fxg4 31. Qc4+ Qxc4 32. Nxc4 Nxe4 33. b4 Nf4
34. Kc2 Nd5 35. Rab1 Rb8 36. Nb6 Nxb6 37. cxb6 Rbc8+ 38. Bc5 Nxc5 39. bxc5
Rxc5+ 40. Kb3 Rb8 41. Ka4 gxh3 42. Rxh3 Ra8+ 43. Kb4 Bf8 44. Rhh1 Kf7 45. Rhe1
Ke6 46. f4 e4 47. g4 Kd5 48. Kb3 Rb5+ 49. Kc2 Rc8+ 50. Kd2 Rb2+ 0-1

[Event "6th Lost Boys tournament, Group A"]
[Site "Antwerp"]
[Date "1998.08.04"]
[Round "5"]
[White "van den Doel, Erik"]
[Black "Vanderwaeren, Serge"]
[Result "1-0"]
[WhiteElo "2480"]
[BlackElo "2295"]
[WhiteTitle "IM"]
[BlackTitle "FM"]
[Board "13"]
[Source "Official site"]

1. e4 Nf6 2. e5 Nd5 3. d4 d6 4. Nf3 Bg4 5. Be2 e6 6. O-O Be7 7. c4 Nb6 8. Nc3
O-O 9. Be3 d5 10. c5 Bxf3 11. gxf3 Nc8 12. f4 Nc6 13. b4 Bh4 14. Kh1 N8e7
15. b5 Na5 16. Bd3 Nf5 17. c6 bxc6 18. Qa4 Nc4 19. Bxc4 dxc4 20. bxc6 Ne7
21. Qxc4 Rb8 22. Rad1 Nd5 23. Nxd5 exd5 24. Qe2 Rb6 25. f5 Rxc6 26. f6 Qd7
27. Qh5 Bxf6 28. exf6 Rxf6 29. Rg1 Rb8 30. Rc1 c6 31. Qe5 Qd8 1-0

[Event "6th Lost Boys tournament, Group A"]
[Site "Antwerp"]
[Date "1998.08.05"]
[Round "5"]
[White "Ree, Hans"]
[Black "Van Herck, Marcel"]
[Result "1-0"]
[WhiteElo "2445"]
[BlackElo "2215"]
[WhiteTitle "GM"]
[Board "39"]
[Source "Personal correspondence"]

1. d4 Nf6 2. c4 g6 3. Nc3 Bg7 4. e4 d6 5. Bd3 O-O 6. Nge2 Nc6 7. O-O e5 8. d5
Ne7 9. f3 c5 10. Bg5 h6 11. Be3 Ne8 12. Qd2 Kh7 13. Kh1 Ng8 14. Rab1 Bf6 15. g3
h5 16. b4 b6 17. bxc5 dxc5 18. f4 Nd6 19. Ng1 Ba6 20. Nf3 exf4 21. Bxf4 Nxc4
22. Qc1 Qc8 23. e5 Bg7 24. Ne4 1-0

[Event "6th Lost Boys tournament, Group A"]
[Site "Antwerp"]
[Date "1998.08.06"]
[Round "6"]
[White "Piket, Jeroen"]
[Black "Avrukh, Boris Leonidovich"]
[Result "1/2-1/2"]
[WhiteElo "2605"]
[BlackElo "2565"]
[WhiteTitle "GM"]
[BlackTitle "GM"]
[Board "1"]
[Source "Official site"]

1. Nf3 g6 2. e4 Bg7 3. d4 d6 4. Nc3 Nf6 5. h3 O-O 6. Be3 b6 7. Bd3 Bb7 8. O-O
Nbd7 9. Re1 e6 10. Qd2 c5 11. Bh6 cxd4 12. Nxd4 e5 13. Bxg7 1/2-1/2

[Event "6th Lost Boys tournament, Group A"]
[Site "Antwerp"]
[Date "1998.08.06"]
[Round "6"]
[White "Azmaiparashvili, Zurab"]
[Black "David, Alberto"]
[Result "1-0"]
[WhiteElo "2655"]
[BlackElo "2520"]
[WhiteTitle "GM"]
[BlackTitle "GM"]
[Board "2"]
[Source "Official site"]

1. d4 Nf6 2. c4 g6 3. g3 Bg7 4. Bg2 O-O 5. Nc3 d6 6. Nf3 Nc6 7. O-O a6 8. e3
e5 9. d5 Ne7 10. e4 b5 11. Re1 bxc4 12. Nd2 c6 13. Nxc4 cxd5 14. exd5 Nf5
15. b3 Bd7 16. a4 Nd4 17. Ba3 Bg4 18. f3 Bf5 19. Ra2 Rb8 20. Nxd6 Bc2 21. Rxc2
Nxc2 22. Qxc2 Qb6+ 23. Kh1 Qxb3 24. Qc1 Rfc8 25. Nxc8 Rxc8 26. Bb2 e4 27. Qd2
Nd7 28. fxe4 Bxc3 29. Bxc3 Qxc3 30. Qxc3 Rxc3 31. Bf1 Ne5 32. Bxa6 Ra3 33. Bb5
Kf8 34. d6 Ra2 35. Re2 Ra1+ 36. Kg2 Rd1 37. a5 Rb1 38. d7 Ke7 39. Rd2 Kd8
40. Rd5 Rb2+ 41. Kf1 1-0

[Event "6th Lost Boys tournament, Group A"]
[Site "Antwerp"]
[Date "1998.08.06"]
[Round "6"]
[White "Tischbierek, Raj"]
[Black "van Wely, Loek"]
[Result "1/2-1/2"]
[WhiteElo "2515"]
[BlackElo "2635"]
[WhiteTitle "GM"]
[BlackTitle "GM"]
[Board "3"]
[Source "Official site"]

1. e4 c5 2. Nc3 Nc6 3. g3 g6 4. Bg2 Bg7 5. d3 d6 6. Be3 Nf6 7. h3 O-O 8. f4
Rb8 9. Nf3 b5 10. O-O b4 11. Ne2 Nd7 12. c3 Ba6 13. Rf2 bxc3 14. bxc3 Qa5
15. d4 Bxe2 16. Rxe2 Qxc3 17. Rc1 Qa3 18. dxc5 Nxc5 19. e5 Rfd8 20. Qc2 Nb4
21. Bxc5 dxc5 22. Qxc5 Qa6 23. Qe3 e6 24. Kh2 Rd3 25. Qe4 Ra3 26. Ng5 Nd5
27. Qc4 Qxc4 28. Rxc4 h6 29. Ne4 Bf8 30. Nf6+ Nxf6 31. exf6 Ra5 32. Rc7 a6
33. Rec2 Rf5 34. Ra7 Rxf6 35. Rxa6 Rf5 36. Ra7 g5 37. fxg5 Rxg5 38. Rd7 Bg7
39. h4 Re5 40. Bf3 Re3 41. Kg2 Be5 42. Rcd2 Rb5 43. Ra7 Rc5 44. Bh5 Rxg3+
45. Kf2 Rg7 46. Rd8+ Kh7 47. Rxf7 Bg3+ 48. Kf3 Rxh5 49. Rxg7+ Kxg7 50. Kxg3 Ra5
51. Rd2 Kf6 52. Rf2+ Ke7 53. Rb2 h5 54. a4 Rxa4 55. Rb5 1/2-1/2

[Event "6th Lost Boys tournament, Group A"]
[Site "Antwerp"]
[Date "1998.08.06"]
[Round "6"]
[White "Safin, Shukhrat"]
[Black "Leitão, Rafael Duailibe"]
[Result "0-1"]
[WhiteElo "2500"]
[BlackElo "2550"]
[WhiteTitle "IM"]
[BlackTitle "IM"]
[Board "5"]
[Source "Official site"]

1. d4 Nf6 2. Nf3 e6 3. c4 b6 4. g3 Ba6 5. Nbd2 Bb4 6. a3 Bxd2+ 7. Nxd2 Bb7
8. Nf3 O-O 9. Bg2 Be4 10. O-O d6 11. b3 Nbd7 12. Bb2 a5 13. Bh3 Qe7 14. Nd2 Bb7
15. Qc2 c5 16. e4 cxd4 17. Bxd4 Rfc8 18. Qb1 Bc6 19. a4 Nc5 20. f3 Re8 21. Qc2
Nfd7 22. Rfe1 Rad8 23. Bg2 Bb7 24. Nf1 Ne5 25. Ne3 f6 26. Rad1 Qf7 27. Bc3 Qh5
28. Rf1 Qg6 29. Qb1 h5 30. Rfe1 h4 31. Nf1 h3 32. Bh1 f5 33. f4 Bxe4 34. Bxe4
Nxe4 35. Rxe4 Nf3+ 36. Kh1 fxe4 37. Ne3 d5 38. cxd5 exd5 39. Nxd5 Rxd5 40. Rxd5
Qc6 0-1

[Event "6th Lost Boys tournament, Group A"]
[Site "Antwerp"]
[Date "1998.08.06"]
[Round "6"]
[White "Kogan, Arthur"]
[Black "Reinderman, Dimitri"]
[Result "1-0"]
[WhiteElo "2485"]
[BlackElo "2540"]
[WhiteTitle "IM"]
[BlackTitle "GM"]
[Board "6"]
[Source "Official site"]

1. d4 Nf6 2. Nf3 g6 3. Nc3 Bg7 4. e4 d6 5. Be3 O-O 6. Qd2 Bg4 7. Ng5 a6 8. f3
Bc8 9. h4 e6 10. h5 h6 11. Nh3 g5 12. Nxg5 hxg5 13. h6 Bh8 14. Bxg5 Qd7 15. Qf4
Nh7 16. Qg3 f5 17. Bf6+ Kf7 18. Bxh8 1-0

[Event "6th Lost Boys tournament, Group A"]
[Site "Antwerp"]
[Date "1998.08.06"]
[Round "6"]
[White "van Blitterswijk, Stefan"]
[Black "Ólafsson, Helgi"]
[Result "0-1"]
[WhiteElo "2320"]
[BlackElo "2505"]
[WhiteTitle "FM"]
[BlackTitle "GM"]
[Board "10"]
[Source "Official site"]

1. e4 c6 2. d4 d5 3. e5 Bf5 4. Nf3 e6 5. Be2 c5 6. Be3 cxd4 7. Nxd4 Ne7 8. f4
Nbc6 9. O-O Nxd4 10. Bxd4 Nc6 11. c3 a6 12. Bf2 g5 13. fxg5 Qxg5 14. Nd2 Rg8
15. Bg3 Qe3+ 16. Kh1 Rxg3 17. hxg3 Qh6+ 18. Bh5 Bg6 19. g4 Nxe5 20. Nf3 Nd3
21. Nh4 Qe3 22. Qf3 Qxf3 23. Nxf3 Bc5 24. Ng5 Nf2+ 25. Kh2 Ke7 26. b4 Bb6
27. Rae1 Rg8 28. Re2 Bxh5 29. Ree1 0-1

[Event "6th Lost Boys tournament, Group A"]
[Site "Antwerp"]
[Date "1998.08.06"]
[Round "6"]
[White "Mikhalevski, Victor"]
[Black "Sorkin, Igor"]
[Result "0-1"]
[WhiteElo "2540"]
[BlackElo "2310"]
[WhiteTitle "IM"]
[Board "12"]
[Source "Official site"]

1. d4 Nf6 2. c4 c5 3. d5 e5 4. Nc3 d6 5. g3 g6 6. Bg2 Bg7 7. Nf3 a6 8. a4 Nbd7
9. O-O O-O 10. Bg5 h6 11. Bd2 Ne8 12. e4 Rb8 13. Qc2 b6 14. Rab1 a5 15. Nb5
Ndf6 16. Bc3 h5 17. Nxd6 Nxd6 18. Nxe5 Bb7 19. f4 Qc7 20. b3 Rbe8 21. Rbe1 Qc8
22. Qb2 Nh7 23. h4 Qd8 24. Bf3 Bh6 25. Nd3 Bc8 26. Nf2 f6 27. Re2 Bg7 28. Rfe1
Qc7 29. Kg2 Qf7 30. Re3 Bh6 31. Qe2 Re7 32. e5 fxe5 33. Rxe5 Ra7 34. Ne4 Nf5
35. Ng5 Nxg5 36. hxg5 Bg7 37. Qd3 Nd6 38. R1e2 h4 0-1

[Event "6th Lost Boys tournament, Group A"]
[Site "Antwerp"]
[Date "1998.08.06"]
[Round "6"]
[White "Finkel, Alex"]
[Black "Egeli, Per Ove"]
[Result "1-0"]
[WhiteElo "2455"]
[BlackElo "2330"]
[WhiteTitle "GM"]
[Board "14"]
[Source "Official site"]

1. e4 c6 2. d4 d5 3. e5 Bf5 4. Nf3 e6 5. Be2 Ne7 6. O-O c5 7. dxc5 Nec6 8. Be3
Nd7 9. c4 dxc4 10. Na3 Bxc5 11. Nxc4 Bxe3 12. Nd6+ Ke7 13. Nxf5+ exf5 14. Qd6+
Ke8 15. e6 fxe6 16. Qxe6+ Qe7 17. Qxe3 Qxe3 18. fxe3 Ke7 19. Nd4 g6 20. Nxc6+
bxc6 21. Rac1 Rhc8 22. g4 Rab8 23. gxf5 Rxb2 24. Bc4 Rf8 25. Bb3 Ne5 26. Rc2
Rxc2 27. Bxc2 Rd8 28. fxg6 hxg6 29. Kg2 Rd2+ 30. Rf2 Rxf2+ 31. Kxf2 g5 32. Ke2
Kd6 33. Bb3 Kc5 34. a3 Kb5 35. h3 a5 36. Kd2 a4 37. Be6 c5 38. Kc3 Kc6 39. Bf5
Kb5 40. Bg4 Ka5 41. Bh5 Kb5 42. Be8+ Ka5 43. e4 Nf3 44. Kc4 Nd2+ 45. Kd5 c4
46. e5 c3 47. Bg6 Kb6 48. e6 Kc7 49. Ke5 Nc4+ 50. Kf6 Kb6 51. Kxg5 Kc5 52. e7
Nd6 53. h4 1-0

[Event "6th Lost Boys tournament, Group A"]
[Site "Antwerp"]
[Date "1998.08.06"]
[Round "6"]
[White "Van Herck, Marcel"]
[Black "Moll, Arne"]
[Result "1/2-1/2"]
[WhiteElo "2215"]
[BlackElo "2160"]
[Board "51"]
[Source "Personal correspondence"]

1. e4 e5 2. f4 d5 3. exd5 c6 4. Nc3 Bd6 5. fxe5 Bxe5 6. Qe2 Qe7 7. Nf3 Bxc3
8. dxc3 cxd5 9. Bg5 Qxe2+ 10. Bxe2 Be6 11. Nd4 Nc6 12. O-O-O Nxd4 13. Rxd4 f6
14. Re1 Kf7 15. Be3 Ne7 16. Ra4 a6 17. Rb4 b5 18. Rf4 Rhe8 19. Bd3 Ng6 20. Rff1
Ne5 21. Bd4 Nxd3+ 22. cxd3 a5 23. Kd2 1/2-1/2

[Event "6th Lost Boys tournament, Group A"]
[Site "Antwerp"]
[Date "1998.08.07"]
[Round "7"]
[White "Avrukh, Boris Leonidovich"]
[Black "Stefánsson, Hannes Hlífar"]
[Result "0-1"]
[WhiteElo "2565"]
[BlackElo "2535"]
[WhiteTitle "GM"]
[BlackTitle "GM"]
[Board "3"]
[Source "Official site"]

1. d4 Nf6 2. c4 e6 3. Nf3 b6 4. g3 Bb7 5. Bg2 Be7 6. Nc3 O-O 7. Qc2 c5 8. d5
exd5 9. Nh4 b5 10. cxb5 Qb6 11. Nf5 Re8 12. a4 d4 13. a5 Qc7 14. Ne4 Nxe4
15. Bxe4 Bf8 16. Bf4 Qc8 17. Bxb7 Qxb7 18. O-O Qxb5 19. e3 d3 20. Qc3 c4
21. Nd4 Qb4 22. a6 Qxc3 23. bxc3 Rc8 24. Rfb1 Nc6 25. Rb7 d5 26. Kf1 g6
27. Rab1 Nxd4 28. exd4 Rc6 29. Ra1 Bd6 30. Bh6 Rb6 31. Ra5 Bf8 32. Bf4 g5
33. Bxg5 Bh6 34. Rxd5 Rxa6 35. Bxh6 Rxh6 36. Rg5+ Kh8 37. Ra5 Rxh2 38. Ke1 Rh1+
39. Kd2 Rf1 40. Rxf7 Rb8 41. Ra2 Re8 0-1

[Event "6th Lost Boys tournament, Group A"]
[Site "Antwerp"]
[Date "1998.08.07"]
[Round "7"]
[White "Röder, Matthias"]
[Black "Tischbierek, Raj"]
[Result "0-1"]
[WhiteElo "2445"]
[BlackElo "2515"]
[WhiteTitle "IM"]
[BlackTitle "GM"]
[Board "7"]
[Source "Official site"]

1. Nf3 Nc6 2. d4 d5 3. g3 Bf5 4. Bg2 Nb4 5. Na3 e6 6. O-O Be7 7. Ne5 Nf6 8. c3
Na6 9. Nc2 h6 10. Ne3 Be4 11. f3 Bh7 12. b4 c6 13. Qb3 O-O 14. a4 Nd7 15. N3g4
Nab8 16. e4 h5 17. Nf2 Nxe5 18. dxe5 dxe4 19. Rd1 Qc7 20. f4 c5 21. Nxe4 Nc6
22. Nxc5 Na5 23. bxa5 Bxc5+ 24. Kh1 Rab8 25. Ba3 Bxa3 26. Qxa3 Qxa5 27. Rd7 Qa6
28. Qb4 Qe2 29. Rxb7 Rbd8 30. Rg1 h4 31. gxh4 Bf5 32. a5 Rd1 33. h3 Rd3 34. Rb8
Rxb8 35. Qxb8+ Kh7 36. Qb7 Rxh3+ 37. Bxh3 Be4+ 38. Bg2 Bxb7 39. Bxb7 Qe3
40. Rf1 Qxc3 41. a6 Qh3+ 42. Kg1 Qg3+ 43. Kh1 Qxh4+ 44. Kg2 Qg4+ 45. Kh2 Qe2+
46. Kg1 Kg8 47. Rf2 Qe1+ 48. Kg2 g5 49. fxg5 Qxe5 50. Rf3 Qe2+ 51. Kg3 Kg7
52. Rf4 Kf8 53. Re4 Qh5 54. Rg4 Ke7 55. Bf3 Qg6 56. Be4 Qg7 57. Bb7 Qc3+
58. Kf2 e5 59. Ke2 Ke6 60. g6 Qc2+ 61. Ke3 f5 62. Rg2 f4+ 63. Kf3 Qd3+ 64. Kf2
Qe3+ 65. Kf1 f3 66. Bxf3 Qxf3+ 67. Kg1 Qe3+ 68. Kf1 Qc1+ 69. Kf2 Qc5+ 70. Kf1
Qf8+ 0-1

[Event "6th Lost Boys tournament, Group A"]
[Site "Antwerp"]
[Date "1998.08.07"]
[Round "7"]
[White "Reinderman, Dimitri"]
[Black "Dzhumaev, Marat"]
[Result "1-0"]
[WhiteElo "2540"]
[BlackElo "2435"]
[WhiteTitle "GM"]
[Board "8"]
[Source "Official site"]

1. e4 g6 2. d4 Bg7 3. f4 d5 4. e5 Nh6 5. Nf3 Bg4 6. h3 Bxf3 7. Qxf3 f6 8. g4
Nc6 9. c3 fxe5 10. fxe5 Rf8 11. Qg3 Qd7 12. Nd2 Nd8 13. Nf3 Ne6 14. h4 c5
15. h5 Ng8 16. hxg6 hxg6 17. Bd3 O-O-O 18. Bxg6 cxd4 19. Nxd4 Nxd4 20. cxd4 Qa4
21. Qd3 Kb8 22. Bd2 e6 23. b3 Qd7 24. Rh7 Rc8 25. Ke2 Qd8 26. Rah1 Bxe5
27. dxe5 Ne7 28. Bf7 Qc7 29. R1h5 Qb6 30. Be3 Qa5 31. a4 Nc6 32. Bxe6 Nb4
33. Qb5 Rc2+ 34. Bd2 Qxb5+ 35. axb5 d4 36. Rh8 d3+ 37. Ke3 Rxh8 38. Rxh8+ Kc7
39. Bxb4 1-0

[Event "6th Lost Boys tournament, Group A"]
[Site "Antwerp"]
[Date "1998.08.07"]
[Round "7"]
[White "David, Alberto"]
[Black "Tondivar, Babak"]
[Result "0-1"]
[WhiteElo "2520"]
[BlackElo "2340"]
[WhiteTitle "GM"]
[BlackTitle "FM"]
[Board "9"]
[Source "Official site"]

1. e4 e6 2. d4 d5 3. Nc3 Bb4 4. e5 c5 5. a3 Ba5 6. b4 cxd4 7. Nb5 Bc7 8. f4
Nh6 9. Bd3 Bd7 10. Nxc7+ Qxc7 11. Nf3 Ba4 12. O-O Nc6 13. Qe1 Qb6 14. Bd2 a6
15. Kh1 Nf5 16. Rg1 Bb5 17. a4 Bxd3 18. cxd3 O-O 19. Qb1 f6 20. exf6 Rxf6
21. b5 axb5 22. Qxb5 Qc7 23. Rge1 Ne3 24. Bxe3 dxe3 25. Rxe3 Qxf4 26. Rae1 Nd4
27. Qxb7 Rb8 28. Qa7 Nc2 29. g3 Qb4 30. R1e2 Nxe3 31. Qxe3 Qxa4 32. Kg2 Qd1
33. Rd2 Qc1 34. Qe2 Rbf8 35. Rc2 Qh6 36. Ne5 Rf2+ 37. Qxf2 Rxf2+ 38. Rxf2 Qe3
39. Nc6 h6 40. d4 Qc3 41. Ne7+ Kh7 42. Re2 Qxd4 43. Rxe6 Qd2+ 44. Kh3 d4 0-1

[Event "6th Lost Boys tournament, Group A"]
[Site "Antwerp"]
[Date "1998.08.07"]
[Round "7"]
[White "Ernst, Sipke"]
[Black "Safin, Shukhrat"]
[Result "1/2-1/2"]
[WhiteElo "2420"]
[BlackElo "2500"]
[BlackTitle "IM"]
[Board "10"]
[Source "Official site"]

1. Nf3 Nf6 2. c4 d6 3. d4 Nbd7 4. Nc3 c6 5. e4 e5 6. Be2 Be7 7. O-O O-O 8. Be3
a6 9. d5 cxd5 10. cxd5 b5 11. b4 Nb6 12. Nd2 Bd7 13. h3 Qb8 14. Qb3 Rc8
15. Rfc1 Ra7 16. Rc2 Rac7 17. Rac1 h6 18. Nd1 Na4 19. Nb2 Rxc2 20. Rxc2 Rxc2
21. Qxc2 Nxb2 22. Qxb2 Bd8 23. Qa3 Qc8 24. Bd3 Nh5 25. Nf3 Kh7 26. Qb2 Qb7
27. Qe2 Nf6 28. Nd2 Bb6 29. Nb3 Bxe3 30. Qxe3 Nh5 31. Kh2 Nf4 32. Bf1 Qc7
33. g3 Ng6 34. Qc1 Qa7 35. Qe3 Qc7 36. Qc1 Qa7 37. Qe3 Qc7 1/2-1/2

[Event "6th Lost Boys tournament, Group A"]
[Site "Antwerp"]
[Date "1998.08.07"]
[Round "7"]
[White "Zoler, Dan"]
[Black "Mariasin, Boris"]
[Result "1/2-1/2"]
[WhiteElo "2500"]
[BlackElo "2380"]
[WhiteTitle "IM"]
[Board "11"]
[Source "Official site"]

1. e4 c5 2. Nf3 e6 3. b3 d5 4. exd5 exd5 5. Bb5+ Bd7 6. Bxd7+ Qxd7 7. O-O Nc6
8. d4 O-O-O 9. Nc3 Nf6 10. Bb2 Qf5 11. Re1 g5 12. dxc5 Bxc5 13. Na4 Bxf2+
14. Kxf2 g4 15. Kg1 gxf3 16. Rf1 d4 17. Qxf3 Qxf3 18. Rxf3 Nd7 19. Rf5 Rhe8
20. Kf1 Re5 21. Rxe5 Ndxe5 22. h3 Rd5 23. c4 Nxc4 24. bxc4 Ra5 25. Nc3 dxc3
26. Bxc3 Rc5 27. Ke2 Rxc4 28. Kd3 Rf4 29. Ke3 Ra4 30. Rf1 Ra3 31. Kd3 b5
32. Kc2 Rxa2+ 33. Bb2 Ra4 34. Rxf7 Rc4+ 35. Kb1 Re4 36. Rxh7 Re1+ 37. Ka2 Re2
38. g4 a5 39. g5 Nb4+ 40. Kb1 Re1+ 41. Bc1 Rg1 42. g6 Rxg6 43. Rh5 Rg3 44. Rxb5
Rb3+ 45. Bb2 a4 46. Rc5+ Kd7 47. Rc3 Nd3 48. Rxb3 axb3 49. h4 1/2-1/2

[Event "6th Lost Boys tournament, Group A"]
[Site "Antwerp"]
[Date "1998.08.07"]
[Round "7"]
[White "van den Doel, Erik"]
[Black "de Vreugt, Dennis"]
[Result "1-0"]
[WhiteElo "2480"]
[BlackElo "2350"]
[WhiteTitle "IM"]
[Board "12"]
[Source "Official site"]

1. e4 c5 2. Nf3 Nc6 3. d4 cxd4 4. Nxd4 Nf6 5. Nc3 e5 6. Ndb5 d6 7. Bg5 a6
8. Na3 b5 9. Bxf6 gxf6 10. Nd5 f5 11. Bd3 Be6 12. O-O Bxd5 13. exd5 Ne7 14. c3
Bg7 15. Qh5 e4 16. Bc2 Qc8 17. Rae1 O-O 18. Bb3 Ng6 19. Nc2 Re8 20. f4 exf3
21. Qxf3 f4 22. Nb4 Qc5+ 23. Kh1 Re3 24. Rxe3 Qxe3 25. Qd1 a5 26. Nd3 a4
27. Bc2 a3 28. bxa3 Bxc3 29. Nf2 Rxa3 30. Ne4 Rxa2 31. Bb1 Ra6 32. Qh5 Qd4
33. Qh3 Qc4 34. Bd3 Qc7 35. Ng5 f6 36. Ne6 Qc8 37. Bxg6 hxg6 38. Qh6 Qe8
39. Qg7# 1-0

[Event "6th Lost Boys tournament, Group A"]
[Site "Antwerp"]
[Date "1998.08.07"]
[Round "7"]
[White "Dutreeuw, Marc"]
[Black "Barsov, Alexei"]
[Result "0-1"]
[WhiteElo "2400"]
[BlackElo "2475"]
[WhiteTitle "IM"]
[BlackTitle "IM"]
[Board "13"]
[Source "Official site"]

1. e4 e6 2. d4 d5 3. Nc3 Bb4 4. e5 c5 5. a3 Ba5 6. b4 cxd4 7. Nb5 Bc7 8. f4
Bd7 9. Nxd4 Nh6 10. Ngf3 Bb6 11. Be3 Nc6 12. Nxc6 bxc6 13. Nd4 O-O 14. Be2 f6
15. exf6 Qxf6 0-1

[Event "6th Lost Boys tournament, Group A"]
[Site "Antwerp"]
[Date "1998.08.07"]
[Round "7"]
[White "Janssen, Ruud"]
[Black "Finkel, Alex"]
[Result "0-1"]
[WhiteElo "2345"]
[BlackElo "2455"]
[BlackTitle "GM"]
[Board "14"]
[Source "Official site"]

1. c4 e5 2. Nc3 Nf6 3. Nf3 Nc6 4. e3 Bb4 5. Qc2 a5 6. Nd5 d6 7. Be2 Nxd5
8. cxd5 Ne7 9. O-O a4 10. d4 exd4 11. a3 Bc5 12. exd4 Bb6 13. Bg5 h6 14. Bb5+
Bd7 15. Bxe7 Kxe7 16. Rae1+ Kf6 17. Bxd7 Qxd7 18. Re4 g6 19. Rfe1 Rhe8 20. h4
Rxe4 21. Qxe4 Qf5 22. Nd2 Ra5 23. Qe8 Kg7 24. Nf3 Qxd5 25. Qd8 Bxd4 26. Re8 Bf6
27. Qb8 Kh7 28. h5 g5 29. Rf8 Bg7 30. Re8 Rc5 31. Qc8 Qf5 32. Qd8 Rc1+ 33. Kh2
Qf4+ 0-1

[Event "6th Lost Boys tournament, Group A"]
[Site "Antwerp"]
[Date "1998.08.08"]
[Round "8"]
[White "Barsov, Alexei"]
[Black "Avrukh, Boris Leonidovich"]
[Result "1/2-1/2"]
[WhiteElo "2475"]
[BlackElo "2565"]
[WhiteTitle "IM"]
[BlackTitle "GM"]
[Board "6"]
[Source "Official site"]

1. d4 Nf6 2. Nf3 g6 3. c4 Bg7 4. Nc3 d5 5. Bg5 Ne4 6. cxd5 Nxg5 7. Nxg5 e6
8. Qd2 exd5 9. Qe3+ Kf8 10. Qf4 Qf6 11. Qxc7 Na6 12. Qg3 h6 13. Nf3 Qb6 14. Qf4
Qxb2 15. Qc1 Qxc1+ 16. Rxc1 Be6 17. e3 Nb8 18. Rb1 b6 19. Rb5 Nc6 20. Nxd5 Rc8
21. Nf4 Bxa2 22. Rb2 g5 23. Rxa2 gxf4 24. Rc2 Ne7 25. Rxc8+ Nxc8 26. Ba6 Nd6
27. exf4 Nf5 28. Ke2 Ke7 29. Rc1 Rd8 30. Rc7+ Kf8 31. Bc4 Nd6 32. Bb3 Re8+
33. Kd3 Re7 34. Rc6 Ne8 35. Ne5 Rc7 36. Rxc7 Nxc7 37. Nxf7 a5 38. Ne5 b5
39. Nc6 a4 40. Ba2 Na6 41. h4 h5 42. f3 Bf6 43. g3 Ke8 44. Be6 Kf8 45. Kc3 Nc7
46. Ba2 Na6 47. Bb1 Nc7 48. Be4 Ne6 49. f5 b4+ 50. Nxb4 Nxd4 51. Nd5 Be5 52. f4
Bh8 53. Kd3 a3 54. Nb4 Bf6 55. Na2 Kg7 56. Nc1 Nb5 57. Bf3 Kh6 58. g4 1/2-1/2